000 00616nam a2200217 i 4500
001 16514
003 ES-MaACL
005 20250717063020.0
007 t|
008 001013s1990 sp ||||1| spa d
020 _a84-87524-02-8
080 _a821.134.2-23"19"
100 1 _aSastre, Alfonso,
_d1926-
_9103915
245 1 0 _aDemasiado tarde para Filoctetes
_b: (tragedia de aventuras) /
_cde Alfonso Sastre.
260 _aBilbao :
_bHiru,
_c[1990]
300 _a154 p. ;
_c18 cm.
490 1 _aTeatro
830 0 _aTeatro
_9178026
852 _aES-MaACL
_jL-23741
_bR.128744
999 _c16514
_d16514